000 00681 a2200205 4500
010 _aENG-88941
020 _a9780195692235
_c495.00
035 _aEN-72474
037 _bDBAD / PUB
082 1 4 _a174.4
090 _c9698
_d9698
100 _aChakraborty, S.K.
245 1 _aSpirituality in management :
_bmeans or end? /
_cby S.K. Chakraborty [and] Debangshu Chakraborty
260 _aNew Delhi
_bOxford University Press
_c2008
300 _axi, 254p.
_c22 cm (Hb)
500 _aIncludes index
700 _aChakraborty, Debangshu
942 _adpl
_cEN
_k174.4/ CHA
999 _c9521
_d9521